<?xml version="1.0" encoding="UTF-8"?>
<record
    xmlns:xsi="http://www.w3.org/2001/XMLSchema-instance"
    xsi:schemaLocation="http://www.loc.gov/MARC21/slim http://www.loc.gov/standards/marcxml/schema/MARC21slim.xsd"
    xmlns="http://www.loc.gov/MARC21/slim">

  <leader>02120nab a2200301 i 4500</leader>
  <controlfield tag="003">BR-BrBNA</controlfield>
  <controlfield tag="005">20260422193956.0</controlfield>
  <controlfield tag="008">260422b2019    bl.qr|pooa||| 00| 0 eng |</controlfield>
  <datafield tag="040" ind1=" " ind2=" ">
    <subfield code="a">BR-BrBNA</subfield>
    <subfield code="b">eng</subfield>
  </datafield>
  <datafield tag="072" ind1=" " ind2=" ">
    <subfield code="a">K10</subfield>
  </datafield>
  <datafield tag="100" ind1=" " ind2=" ">
    <subfield code="a">Brotto, Marcelo Leandro</subfield>
  </datafield>
  <datafield tag="100" ind1=" " ind2=" ">
    <subfield code="a">Lozano, Eduardo Damasceno </subfield>
  </datafield>
  <datafield tag="100" ind1=" " ind2=" ">
    <subfield code="a">Marinero, Felipe Eduardo Cordeiro </subfield>
  </datafield>
  <datafield tag="100" ind1=" " ind2=" ">
    <subfield code="a">Uhlmann, Alexandre </subfield>
  </datafield>
  <datafield tag="100" ind1=" " ind2=" ">
    <subfield code="a">Blum, Christopher Thomas </subfield>
  </datafield>
  <datafield tag="100" ind1=" " ind2=" ">
    <subfield code="a">Roderjan, Carlos Vellozo </subfield>
  </datafield>
  <datafield tag="245" ind1=" " ind2=" ">
    <subfield code="a">Lauraceae Along an Altitudinal Gradient in Southern Brazil</subfield>
  </datafield>
  <datafield tag="500" ind1=" " ind2=" ">
    <subfield code="a">Publica&#xE7;&#xE3;o on-line; 34 ref.; 3 tables; 2 illus.; Summary (En)</subfield>
  </datafield>
  <datafield tag="520" ind1=" " ind2=" ">
    <subfield code="a">

ABSTRACT

We performed a phytosociological study on an altitudinal gradient in Laur&#xE1;ceas State Park
(Parque Estadual das Laur&#xE1;ceas/PR), aiming to describe the Montane Atlantic Rain Forest, to
verify the importance of Lauraceae, and to evaluate the communities&#x2019; successional stage. We
distributed survey units (2,000 m&#xB2; quadrats) along an altitudinal gradient and surveyed all
individuals with DBH &#x2265; 10 cm, which composed the arboreal component. In smaller quadrats
(250 m&#xB2;), we surveyed regeneration individuals. The community at 800 and 900 m a.s.l. shows
typical characteristics of Montane forest in an advanced successional stage, and the abundance of
Ocotea catharinensis is its main indicator. At 1,000 and 1,100 m a.s.l., the forest is characterized
as Montane with short stature in an advanced successional stage, with the occurrence of typical
upper montane species such as O. porosa and O. vaccinioides.

Keywords: Atlantic forest, Laur&#xE1;ceas State Park, phytosociology</subfield>
  </datafield>
  <datafield tag="650" ind1=" " ind2=" ">
    <subfield code="a">MATA ATL&#xC2;NTICA</subfield>
  </datafield>
  <datafield tag="650" ind1=" " ind2=" ">
    <subfield code="a">PARQUE ESTADUAL DAS LAUR&#xC1;CEAS</subfield>
  </datafield>
  <datafield tag="650" ind1=" " ind2=" ">
    <subfield code="a">LAURACEAE</subfield>
  </datafield>
  <datafield tag="650" ind1=" " ind2=" ">
    <subfield code="a">FLORESTA</subfield>
  </datafield>
  <datafield tag="773" ind1="0" ind2=" ">
    <subfield code="0">2929</subfield>
    <subfield code="9">347953</subfield>
    <subfield code="d">Rio de Janeiro-RJ Instituto de Florestas - UFRRJ 1994</subfield>
    <subfield code="o">2025-0452</subfield>
    <subfield code="t">Floresta e Ambiente (Brazil)</subfield>
    <subfield code="x">1415-0980  /  ISSN 2179-8087 0nline</subfield>
    <subfield code="g">v. 26(4) p. 1-12; (2019)</subfield>
    <subfield code="w">BR2026001265</subfield>
  </datafield>
  <datafield tag="856" ind1=" " ind2=" ">
    <subfield code="u">https://www.scielo.br/j/floram/a/MhS5twLWpwCJzkg5nNgnB8g/?format=pdf&amp;lang=en</subfield>
  </datafield>
  <datafield tag="942" ind1=" " ind2=" ">
    <subfield code="c">ANA</subfield>
  </datafield>
  <datafield tag="999" ind1=" " ind2=" ">
    <subfield code="c">341520</subfield>
    <subfield code="d">341520</subfield>
  </datafield>
</record>
